| 000 | 01167nam a2200361 i 4500 | ||
|---|---|---|---|
| 999 |
_c696 _d696 |
||
| 001 | 020815237 | ||
| 003 | UkOxU | ||
| 005 | 20191204162505.0 | ||
| 008 | 170424s2016 stkabd b 000 0 eng c | ||
| 015 |
_aGBB6A3158 _2bnb |
||
| 016 | 7 |
_a017953046 _2Uk |
|
| 020 | _a9780008196271 (pbk.) : | ||
| 035 | _a(StEdNL)9043602 | ||
| 035 | _a(Uk)017953046 | ||
| 040 |
_aStDuBDS _beng _erda _cStDuBDS _dStEdNL |
||
| 042 | _aukscp | ||
| 082 | 0 | 4 |
_a520 TOP _223 |
| 100 | 1 |
_aTopalovic, Radmila, _eauthor. |
|
| 245 | 1 | 0 |
_aStargazing / _cRadmila Topalovic and Tom Kerss. |
| 264 | 1 |
_aBishopbriggs, Glasgow : _bCollins, _c[2016] |
|
| 300 |
_a223 pages : _billustrations (chiefly colour), maps (colour), charts (colour) ; _c21 cm |
||
| 336 |
_atext _2rdacontent |
||
| 337 |
_aunmediated _2rdamedia |
||
| 338 |
_avolume _2rdacarrier |
||
| 500 | _a"Royal Observatory Greenwich". | ||
| 504 | _aIncludes bibliographical references (pages 214-215). | ||
| 650 | 0 |
_aStars _vObservers' manuals. |
|
| 650 | 0 |
_aAstronomy _vObservers' manuals. |
|
| 700 | 1 |
_aKerss, Tom, _eauthor. |
|
| 710 | 2 | _aRoyal Observatory, Greenwich. | |
| 942 |
_2ddc _cNFIC |
||